000 01203nam0a2200337 4500
001 RU\NLR\bibl\1988628
005 20250616211612.0
010 _a978-5-4236-0081-5
_93000
021 _aRU
_b2012-98076
_97250
035 _a(nilc)RuMoRGB-006508257
035 _a(NLR Aleph) 001977188
090 _a4038561
_c4038561
100 _a20130109d2012 |||y0rusy50 ca
101 0 _arus
102 _aRU
105 _aa |||||||||
200 1 _aФеномен активного сознания
_eсистема объединенных биополей
_fВладимир Хачатрян
210 _aМосква
_aСанкт-Петербург
_cДиля
_d2012
215 _a219, [1] с.
_cил.
_d20
320 _aБиблиогр.: с. 213-216
606 1 _aБиоинформационные процессы
_jПопулярные издания
_92507071
_3RU\NLR\auth\661486531
686 _aЕ071.11я9
700 1 _aХачатрян
_bВ.
_gВладимир
_4070
801 0 _aRU
_bRuMoRKP
_c20130109
_gRCR
801 2 _aRU
_bРГБ
_c20130123
_grcr
801 1 _aRU
_bRuMoRKP
_c20130109
_2rusmarc
801 2 _aRU
_bNLR
_c20130118
_grcr
942 _cBOOK
980 _aNBR
980 _aNB